000 01053cam a22002055a 4500
001 L140912
008 071017s1907 xxk eng u
035 _a(Sirsi) u140912
041 0 _aeng
110 2 _aFarebrother, Ellis, Egerton, Breach and Co.
_95411
245 0 0 _aTrafalgar Square
_bparticulars, plan and conditions of sale of The London Coliseum...also adjoining freehold and leasehold properties situate and being 40, 41, 42, 43, 45 and 46 Chandos Street, West Strand, 9 and 10 Taylor's Buildings and 36 St Martin's Lane...which will be sold by auction by Mr Benjamin I'Anson Breach of the firm of Messrs. Farebrother, Ellis, Egerton Breach and Co...at The Auction Mart, Tokenhouse Yard, E.C. on Thursday the 25th day of April 1907...
260 _aS.l.
_bs.n.
_c[1907]
300 _a13 p.
_bill., col. map
_c44 cm.
340 _aPrinted
351 _cSingle item
500 _aItem is in a fragile condition.
651 4 _aLondon
690 _aPROPERTY-PROPERTY ACQUISITION AND DISPOSAL-ACQUISITION AND DISPOSAL AT AUCTION
942 _n0
999 _c116529
_d116529